01089 2200457 4500001002100000005001500021035002000036007000300056008004100059020002200100082000800122084001900130100001700149245004100166260002400207990001600231990001600247990001600263990001600279990001600295990001600311990001600327990001600343990001600359990001600375990001600391990001600407990001600423990001600439990001600455990001600471990001600487990001600503990001600519990001600535990001600551990001600567990001600583990001600599990001600615INLIS00000000000007320210619114110 a0010-0421000073ta210619 g 0 ind  a978-602-241-469-8 a570 a570 IRN b c.250 aIrnaningtyas1 aBiologi untuk SMA/MA Kelas X Jilid 1 aJakarta :bErlangga a2017/p/0112 a2017/p/0113 a2017/p/0114 a2017/p/0115 a2017/p/0116 a2017/p/0117 a2017/p/0118 a2017/p/0119 a2017/p/0120 a2017/p/0121 a2017/p/0122 a2017/p/0123 a2017/p/0124 a2017/p/0125 a2017/p/0126 a2017/p/0127 a2017/p/0128 a2017/p/0129 a2017/p/0130 a2017/p/0131 a2017/p/0111 a2017/p/0132 a2017/p/0133 a2017/p/0134 a2017/p/0135